| 000 | 00707cam a2200205 4500 | ||
|---|---|---|---|
| 001 | 3769 | ||
| 005 | 20181127171935.0 | ||
| 008 | 091221s2011 maua bf 001 0 eng | ||
| 010 | _a 2009052999 | ||
| 020 | _a0131501607 | ||
| 020 | _a020575208X (Student ed.) | ||
| 100 | 1 |
_aReid, Stephen, _d1940- |
|
| 245 | 1 | 4 |
_aThe Prentice Hall guide for college writers / _cStephen Reid. |
| 260 |
_aUpper Saddle River, NJ : _bPrentice Hall, _c1989. |
||
| 300 |
_axxii, 549 p. : _bill. (some col.) ; _c24 cm. |
||
| 504 | _aIncludes bibliographical references and index. | ||
| 650 | 0 | _aCollege readers. | |
| 650 | 0 |
_aEnglish language _xRhetoric _vHandbooks, manuals, etc. |
|
| 650 | 0 |
_aReport writing _vHandbooks, manuals, etc. |
|
| 999 |
_c3083 _d3083 |
||